000 00505nam a2200217Ia 4500
003 OSt
005 20220928140704.0
006 a|||||r|||| 00| 0
007 ta
008 220927b |||||||| |||| 00| 0 eng d
024 _a11058
037 _cTextual
040 _aSDCL
_cSDCL
_beng
041 _2eng
_aeng
082 _aI:3, N0
100 _aPandey S N
_9415486
245 0 _aPlant physiology
260 _c1990
942 _hI:3, N0
_cTEXL
_2CC
999 _c813503
_d813503